MARC

LEADER 00000nam0a2200000 4500
001 340081
005 20231102005213.0
035 |a (RuTPU)RU\TPU\book\366649 
035 |a RU\TPU\book\366647 
090 |a 340081 
100 |a 20180212d1973 k y0rusy5003 ca 
101 0 |a rus 
102 |a RU 
105 |a a z 001zy 
200 1 |a Стратиграфия и нефтеносность карбона Западного Урала и Приуралья  |e сборник научных трудов  |f Пермский политехнический институт (ППИ) ; под ред. И. В. Пахомова 
210 |a Пермь  |c Изд-во Пермского политехнического ин-та  |d 1973 
215 |a 233 с.  |c ил. 
225 1 |a Сборник научных трудов Пермского политехнического института  |v № 121 
320 |a Библиогр. в конце ст. 
606 1 |a Карбон  |2 stltpush  |3 (RuTPU)RU\TPU\subj\13833  |9 40385 
606 1 |a Нефтегазоносность  |2 stltpush  |3 (RuTPU)RU\TPU\subj\45590  |9 64783 
610 1 |a стратиграфия 
610 1 |a литология 
610 1 |a девонские отложения 
610 1 |a каменноугольные отложения 
610 1 |a Урал 
610 1 |a палеонтология 
610 1 |a нефтяные залежи 
610 1 |a газовые залежи 
610 1 |a Пермский край 
610 1 |a Прикамье 
610 1 |a Кировская область 
610 1 |a геохимия 
675 |a 551.735  |z rus  |v 4 
675 |a 553.98  |z rus  |v 4 
702 1 |a Пахомов  |b И. В.  |4 340 
712 0 2 |a Пермский политехнический институт (ППИ)  |c (1960-1992)  |2 stltpush  |3 (RuTPU)RU\TPU\col\7911 
801 0 |a RU  |b 63413507  |c 19950417  |g psbo 
801 1 |a RU  |b 63413507  |c 20150128 
801 2 |a RU  |b 63413507  |c 20180213  |g RCR 
942 |c BK